Grenzen überqueren #2 - Statistiken

Allgemein
  • Dieses Quiz wurde 199 mal gespielt
  • Das Durchschnittsergebnis liegt bei 13 aus 15
Antwortstatistiken
Starte in Reisen Land % Korrekt
Andorra Süd Spanien
100%
Belarus Ost Russland
96%
Nepal Süd Indien
93%
Paraguay Süd Argentinien
91%
Nordmazedonien West Albanien
90%
Bhutan Süd Indien
89%
Papua-Neuguinea West Indonesien
89%
Jemen Nord Saudi Arabien
89%
El Salvador Ost Honduras
87%
Costa Rica Ost Panama
86%
Libanon Ost Syrien
86%
Simbabwe Ost Mosambik
80%
Vereinigte Arabische Emirate Ost Oman
79%
Dschibuti West Äthiopien
74%
Ruanda Süd Burundi
73%
Keine übereinstimmenden Quizze gefunden
Verteilung der Resultate
Anzahl Personen mit jedem Resultat
Perzentil nach korrekt beantworteten Fragen
Ihre Resultats-Entwicklung
Sie haben dieses Quiz noch nicht gespielt